Justicia (Registro nro. 160468)

Detalles MARC
000 -LEADER
fixed length control field 01296ny a22003133n 4500
008 - FIXED-LENGTH DATA ELEMENTS--GENERAL INFORMATION
fixed length control field 100805c19uu9990sp qr p r 0 a0spa d
022 ## -
-- 0211-7754
035 ## -
-- 133
040 ## - CATALOGING SOURCE
Original cataloging agency BUS
Modifying agency vLex
080 ## -
-- 34(460)(05)(094.9)
080 ## -
-- 343.17/.19(460)(05)
080 ## -
-- 347.97/.99(460)(05)
080 ## -
-- 351.87(460)(05)
090 ## -
-- 2029
-- 2029
245 00 - TITLE STATEMENT
Title Justicia
Medium [Recurso electrónico]
Remainder of title Revista de derecho procesal
256 ## -
-- Servicio en línea
260 ## - PUBLICATION, DISTRIBUTION, ETC. (IMPRINT)
Place of publication, distribution, etc Barcelona :
Name of publisher, distributor, etc Bosch,
310 ## -
-- Trimestral
506 1# - RESTRICTIONS ON ACCESS NOTE
Terms governing access Contenido solo disponible en los productos indicados
Authorized users vLex Global
-- vLex Global (Academic Edition, excluding Law Schools)
-- vLex Global (U.S. Academic Edition, Law Schools)
-- vLex Global (U.S. Academic Edition, excluding Law Schools)
-- vLex Global (Academic Edition, Law Schools)
650 04 - SUBJECT ADDED ENTRY--TOPICAL TERM
Topical term or geographic name as entry element Derecho
Geographic subdivision España
General subdivision Publicaciones periódicas
650 04 - SUBJECT ADDED ENTRY--TOPICAL TERM
Topical term or geographic name as entry element Jurisprudencia
General subdivision Recopilaciones, repertorios, etc.
Geographic subdivision España
650 04 - SUBJECT ADDED ENTRY--TOPICAL TERM
Topical term or geographic name as entry element Justicia
General subdivision Administración
Geographic subdivision España
General subdivision Publicaciones periódicas
740 0# -
-- vLex Revista (Servicios en línea)
843 ## -
-- Electrónica. Abierta
853 ## -
-- 1
-- (year)
-- (month)
-- (day)
856 40 - LOCALIZACIÓN Y ACCESO ELECTRÓNICO
Identificador Uniforme del Recurso (URI/URL) https://app.vlex.com/#/sources/justicia-revista-derecho-procesal-133
942 ## -
-- RAA
999 ## -
-- 160468
-- 160468

No hay ítems disponibles.


CONTACTO


NOSOTROS


SITIOS DE INTERES

coordinacion.biblioteca.biblioteca@unienlinea.mx Misión, Visión y Objetivos Bases de datos
Directorio Bibliotecas Digitales y Repositorios
Normatividad Revistas y artículos
Convenios interbibliotecarios
Boletines



Hecho en México. Universidad Insurgentes (UIN). Todos los derechos reservados 2024. Esta página y sus contenidos pueden ser reproducidos con fines no lucrativos, siempre y cuando no se mutile, se cite la fuente completa y su dirección electrónicas. De otra forma requiere permiso previo por escrito de la institución




2024 Copyright Universidad Insurgentes | www.bibliouin.com.mx